Biggest African Cities by Letter - J - Statistics

General Stats
  • This quiz has been taken 230 times
    167 since last reset
  • The average score is 3 of 5
Answer Stats
Pop Country Hint City % Correct
7,860,781 South Africa "The City of Gold" Johannesburg
99%
230,195 South Sudan Capital city Juba
98%
1,040,000 Nigeria Plateau State capital Jos
55%
250,900 Ethiopia Former kingdom Jimma
16%
198,000 Ethiopia Somali Region capital Jijiga
10%
No matching quizzes found
Score Distribution
Percent of People with Each Score
Percentile by Number Answered
Your Score History
You have not taken this quiz since the last reset